000
00250nam a2200097Ia 4500
005
20251222114417.0
008
251222s1900||||xx |||||||||||||| ||spa||
082
_a
DVD0112/K25/2004
245
0
_a
Winnie Pooh 1 2 3: descubriendo los nĂºmeros:
942
_c
DVD
999
_c
2259
_d
2259